00258nam a2200097Ia 4500008004100000082001200041100003400053245005500087260000900142300000900151190415s9999 xx 000 0 und d aRE.0007 aAmbedkar Institute for Labour 0aEvaluation of the Employees State Insurance Scheme c1981 av.p.